[Event "Mondiale Lampo FIDE 2017"]
[Site "Riyadh"]
[Date "30.12.2017"]
[Round "13.2"]
[White "Ding, Liren"]
[Black "Karjakin, Sergey"]
[Result "1/2-1/2"]
[WhiteElo "2777"]
[BlackElo "2760"]
[PlyCount "34"]
[EventDate "2017.12.29"]

1. d4 Nf6 2. c4 e6 3. g3 d5 4. Bg2 Bb4+ 5. Nd2 O-O 6. Ngf3 b6 7. O-O Bb7 8. b3
c5 9. Bb2 Nc6 10. cxd5 Nxd5 11. Ne4 cxd4 12. Nxd4 Re8 13. Rc1 Nxd4 14. Qxd4 Bf8
15. Rfd1 Qe7 16. Nc3 Red8 17. Nxd5 Bxd5 1/2-1/2